000 01277cam a2200217 i 4500
008 170502s2016 stka b 001 0 eng
020 _a9780702066283
020 _a0702066281
050 0 0 _aRT41
_b.F584 2016
082 0 0 _a610.73
245 0 0 _aFoundations of nursing practice :
_bfundamentals of holistic care /
_cedited by [Chris Brooker, UK, Anne Waugh, UK], Dalena van Rooyen, Doctor Curationis, M Cur, B Cur (Hons), B Cur, Dip Intensive Care Nursing, Certificate General Management, Deputy Dean, Faculty of Health Sciences, Nelson Mandela Metropolitan University, Port Elizabeth, RSA, Portia J. Jordan, PhD, MBA, MCur, B Cur, Diploma in Nephrology Nursing Science, Diploma in Nursing Education, Associate Professor, Head of Department of Nursing Science, Nelson Mandela Metropolitan University, Port Elizabeth, RSA ; foreword by Sharon Vasuthevan, RN, RM, R Psych, B Cur (Hons), M Sc, PLD Nursing, National Training & Development Manager, Life HealthCare, Johannesburg, RSA.
250 _aSecond African edition.
260 _aMissouri
_bElsevier Ltd
_c2016
300 _axiv, 663 pages :
_billustrations ;
650 0 _aNursing.
700 1 _aBrooker, Christine,
700 1 _aWaugh, Anne,
700 1 _aVan Rooyen, R. M.,
700 1 _aJordan, P. J.
942 _cBK
999 _c2635
_d2635